logo

Bir Sreshtho Munshi Abdur Rouf Library
Jhenaidah Cadet College

A concise history of interior decoration / (Record no. 10019)

MARC details
000 -LEADER
fixed length control field 00724cam a22002531 4500
001 - CONTROL NUMBER
JCCL Control Number 10019
003 - CONTROL NUMBER IDENTIFIER
JCCL marc code BD-JhCC
005 - DATE AND TIME OF LATEST TRANSACTION
control field 20180404122953.0
008 - FIXED-LENGTH DATA ELEMENTS--GENERAL INFORMATION
fixed length control field 180404s1966 enka b 000 0 eng
035 ## - SYSTEM CONTROL NUMBER
system control number (BD-JhCC)10019
040 ## - CATALOGING SOURCE
Original cataloging agency DLC
Transcribing agency DLC
Modifying agency DLC
-- BD-JhCC
041 ## - LANGUAGE CODE
Language code of Book eng
050 00 - LIBRARY OF CONGRESS CALL NUMBER
Classification number NK1710
Item number .S3
082 00 - DEWEY DECIMAL CLASSIFICATION NUMBER
Classification number 747.2
Author mark and Year SAV 1966
100 1# - MAIN ENTRY--PERSONAL NAME
Personal name Savage, George,
Dates associated with a name 1909-
245 12 - TITLE STATEMENT
Title A concise history of interior decoration /
Statement of responsibility, etc George Savage,
260 ## - PUBLICATION, DISTRIBUTION, ETC. (IMPRINT)
Place of publication, distribution, etc London :
Name of publisher, distributor, etc Thames & Hudson,
Date of publication, distribution, etc 1966.
300 ## - PHYSICAL DESCRIPTION
Pagination 285 p.
Other physical details 201 illus. (incl. 31 col.)
Dimensions 22 cm.
490 0# - SERIES STATEMENT
Series statement The World of art library, general
504 ## - BIBLIOGRAPHY, ETC. NOTE
Bibliography, etc Bibliography: p. 265-275.
650 #0 - SUBJECT ADDED ENTRY--TOPICAL TERM
Topical term or geographic name as entry element Interior decoration.
942 ## - ADDED ENTRY ELEMENTS (KOHA)
Source of classification or shelving scheme Dewey Decimal Classification
Koha item type Reference
Holdings
Source of classification or shelving scheme Damaged status Not for loan Home library Current library Shelving location Date of accession Total Checkouts Full call number Barcode Date last seen Copy number Koha item type
Dewey Decimal Classification     JCC Rouf Library JCC Rouf Library General Stacks 04/04/2018   747.2 SAV 1966 13446 04/04/2018 C-1 Reference

JCC Library | Contacts | JCC Home

Last Update on 23 September 2017
Copyright @ 2017-2020 JCC Rouf Library
Rouf Library, Jhenidah Cadet College (JCC), Bangladesh